000 00887cab a2200277 4500
001 ABS45585
008 090401t1991 xxu||||| |||| 00| 0 eng d
035 _a(Sirsi) u53844
041 _aeng
100 _aGoslings, J.H.W.
245 4 _aThe role of real estate in efficient investment portfolios
260 _c1991
350 _a0
490 _aJournal of Property Valuation and Investment
_v10(1) Autumn 1991, 405-412(8)
520 _aLooks at risk and return in an attempt to provide a formal analysis for the weighting of property in investment portfolios.
650 _aINVESTMENT
650 _aPENSION FUNDS
650 _aPORTFOLIO THEORY
650 _aPROPERTY INVESTMENT
650 _aRISK AND RETURN
690 _aPROPERTY-PROPERTY FINANCE AND INVESTMENT
690 _aRATING AND VALUATION
700 _aPetri, V.L.M.C
942 _n0
948 _c04/03/1997
999 _c33080
_d33080